[Event "Moravia-Silesia Region-chT 2223"]
[Site "Czech Republic"]
[Date "2023.04.02"]
[Round "11"]
[White "Sobek, Jaroslav"]
[Black "Berezjuk, Sergej"]
[Result "1/2-1/2"]
[WhiteElo "2182"]
[BlackElo "2362"]
[PlyCount "36"]
[EventDate "2022.10.09"]
[EventType "team-tourn"]
[EventRounds "11"]
[EventCountry "CZE"]
[SourceTitle "EXT 2024"]
[Source "ChessBase"]
[SourceDate "2023.10.10"]
[SourceVersion "1"]
[SourceVersionDate "2023.10.10"]
[SourceQuality "1"]
[WhiteTeam "Karvina"]
[BlackTeam "Senov"]
[WhiteTeamCountry "CZE"]
[BlackTeamCountry "CZE"]

1. d4 d5 2. c4 e6 3. Nc3 Nf6 4. Bg5 Be7 5. e3 h6 6. Bxf6 Bxf6 7. Nf3 0-0 8. Rc1 c6 9. a3 a5 10. Bd3 Nd7 11. cxd5 exd5 12. 0-0 Re8 13. h3 Be7 14. Re1 Bd6 15. e4 Bf4 16. Rc2 dxe4 17. Nxe4 Nf8 18. Rce2 Ne6 1/2-1/2

[Event "CZE-chT 2223"]
[Site "Czech Republic"]
[Date "2023.03.25"]
[Round "10.6"]
[White "Berezjuk, Sergej"]
[Black "Sprenar, Petr"]
[Result "1/2-1/2"]
[WhiteElo "2382"]
[BlackElo "2282"]
[PlyCount "31"]
[EventDate "2022.10.15"]
[EventType "team-tourn"]
[EventRounds "11"]
[EventCountry "CZE"]
[SourceTitle "CBM 213 Extra"]
[Source "ChessBase"]
[SourceDate "2023.05.31"]
[SourceVersion "1"]
[SourceVersionDate "2023.05.31"]
[SourceQuality "1"]
[WhiteTeam "Hostalkova"]
[BlackTeam "Ingem Line"]
[WhiteTeamCountry "CZE"]
[BlackTeamCountry "CZE"]

1. e4 c5 2. Nf3 e6 3. g3 Nc6 4. Bg2 e5 5. d3 g6 6. Nc3 Bg7 7. Nd2 Nge7 8. Nc4 0-0 9. 0-0 a6 10. a4 d6 11. f4 exf4 12. Bxf4 Ne5 13. Nxe5 dxe5 14. Be3 Qd6 15. a5 Be6 16. Na4 1/2-1/2

[Event "CZE-chT2F 2223"]
[Site "Czech Republic"]
[Date "2023.02.19"]
[Round "9"]
[White "Vermirovsky, Vlastimil"]
[Black "Berezjuk, Sergej"]
[Result "0-1"]
[WhiteElo "2009"]
[BlackElo "2358"]
[PlyCount "128"]
[EventDate "2022.10.16"]
[EventType "team-tourn"]
[EventRounds "11"]
[EventCountry "CZE"]
[SourceTitle "EXT 2024"]
[Source "ChessBase"]
[SourceDate "2023.10.10"]
[SourceVersion "1"]
[SourceVersionDate "2023.10.10"]
[SourceQuality "1"]
[WhiteTeam "Koprivnice Tatra"]
[BlackTeam "Dobra Sokol"]
[WhiteTeamCountry "CZE"]
[BlackTeamCountry "CZE"]

1. e4 e5 2. Nf3 Nf6 3. Nxe5 d6 4. Nf3 Nxe4 5. Nc3 Nxc3 6. dxc3 Be7 7. Be3 Nc6 8. Qd2 Be6 9. 0-0-0 Qd7 10. Kb1 Bf6 11. Nd4 Bxd4 12. cxd4 d5 13. h4 h5 14. f3 a6 15. Bf4 0-0-0 16. Qc3 Bf5 17. a4 Rde8 18. b4 Re6 19. b5 Na7 20. Ka1 Rhe8 21. Rb1 b6 22. Rb4 Re1+ 23. Kb2 a5 24. Rb3 R8e7 25. Qd2 R1e6 26. Rc3 Qd8 27. Rg1 Kb7 28. g4 hxg4 29. fxg4 Bh7 30. Rgg3 Nc8 31. Rge3 Rxe3 32. Rxe3 Rxe3 33. Qxe3 Be4 34. Qc3 Qd7 35. Bh3 Na7 36. g5 Qe7 37. Bf1 g6 38. Bh3 Qd8 39. Be3 c6 40. Bf1 cxb5 41. Bxb5 Nxb5 42. axb5 Qd7 43. Qc6+ Qxc6 44. bxc6+ Kxc6 45. c3 Bd3 46. Ka3 Kd7 47. Ka4 Kc6 48. Bf4 Be2 49. Be5 Bd1+ 50. Ka3 Kb5 51. Bc7 a4 52. Bd8 Kc6 53. Kb4 b5 54. Bf6 Be2 55. Be5 Kd7 56. Bg3 Ke6 57. Be1 Kf5 58. Ka3 Ke4 59. Kb4 Bc4 60. Bd2 Kd3 61. Be1 Ke2 62. Bg3 Kd2 63. Bd6 Kc2 64. Bf4 Kb2 0-1

[Event "Moravia-Silesia Region-chT 2223"]
[Site "Czech Republic"]
[Date "2022.11.27"]
[Round "4"]
[White "Berezjuk, Sergej"]
[Black "Buchta, Bartolomej"]
[Result "1-0"]
[WhiteElo "2362"]
[BlackElo "1766"]
[PlyCount "71"]
[EventDate "2022.10.09"]
[EventType "team-tourn"]
[EventRounds "11"]
[EventCountry "CZE"]
[SourceTitle "EXT 2024"]
[Source "ChessBase"]
[SourceDate "2023.10.10"]
[SourceVersion "1"]
[SourceVersionDate "2023.10.10"]
[SourceQuality "1"]
[WhiteTeam "Senov"]
[BlackTeam "Frydek Mistek IV"]
[WhiteTeamCountry "CZE"]
[BlackTeamCountry "CZE"]

1. c4 c5 2. Nc3 Nc6 3. Nf3 Nf6 4. g3 g6 5. Bg2 Bg7 6. 0-0 0-0 7. d4 cxd4 8. Nxd4 Nxd4 9. Qxd4 d6 10. Qd3 Rb8 11. Bd2 a6 12. a4 Nd7 13. Qc2 Ne5 14. Nd5 Bd7 15. Bg5 Re8 16. Be3 e6 17. Bb6 Qc8 18. Ne3 Bc6 19. Rac1 Bh6 20. f4 Nd7 21. Qb3 e5 22. Nd5 exf4 23. gxf4 Rxe2 24. Rf2 Re8 25. Bd4 Bxd5 26. Bxd5 Nc5 27. Qf3 Qc7 28. Qh3 Bg7 29. Bxg7 Kxg7 30. f5 Ne4 31. fxg6 Nxf2 32. Qxh7+ Kf8 33. g7+ Ke7 34. Re1+ Kd7 35. Qf5+ Re6 36. Qxf7+ 1-0

[Event "Moravia-Silesia Region-chT 2223"]
[Site "Czech Republic"]
[Date "2022.10.23"]
[Round "2"]
[White "Berezjuk, Sergej"]
[Black "Byma, Pavel"]
[Result "1/2-1/2"]
[WhiteElo "2362"]
[BlackElo "2129"]
[PlyCount "161"]
[EventDate "2022.10.09"]
[EventType "team-tourn"]
[EventRounds "11"]
[EventCountry "CZE"]
[SourceTitle "EXT 2024"]
[Source "ChessBase"]
[SourceDate "2023.10.10"]
[SourceVersion "1"]
[SourceVersionDate "2023.10.10"]
[SourceQuality "1"]
[WhiteTeam "Senov"]
[BlackTeam "Dolni Benesov II"]
[WhiteTeamCountry "CZE"]
[BlackTeamCountry "CZE"]

1. e4 e6 2. d4 d5 3. exd5 exd5 4. Nf3 Nf6 5. Bd3 Bd6 6. Qe2+ Qe7 7. Qxe7+ Bxe7 8. 0-0 0-0 9. Bf4 c6 10. Re1 Re8 11. h3 h6 12. Nbd2 Be6 13. a4 Nbd7 14. a5 a6 15. c3 c5 16. Bc2 Rac8 17. Ba4 Red8 18. Re2 Bf8 19. Bc2 Nb8 20. dxc5 Bxc5 21. Nb3 Ba7 22. Be3 Bxe3 23. Rxe3 Nc6 24. Nc5 d4 25. cxd4 Nxd4 26. Nxd4 Rxc5 27. Nxe6 fxe6 28. Bb3 Kf8 29. Bxe6 Rd2 30. Rb3 Re2 31. Bg4 Nxg4 32. hxg4 Rb5 33. Rxb5 axb5 34. Rc1 Rxb2 35. Rc8+ Kf7 36. Rc7+ Kg6 37. Rxb7 b4 38. f4 Ra2 39. f5+ Kf6 40. Rb6+ Kf7 41. a6 b3 42. Kh2 b2 43. Kg3 Rxa6 44. Rxb2 g6 45. Rb5 Kf6 46. Kh4 Rc6 47. Rb1 Ra6 48. Rf1 Ra2 49. Kh3 Ra3+ 50. g3 Ra2 51. Rb1 gxf5 52. Rb6+ Kg5 53. gxf5 h5 54. f6 Rf2 55. Rb5+ Kg6 56. f7 Rxf7 57. Kh4 Rf1 58. Rg5+ Kf6 59. Rxh5 Ra1 60. Rb5 Kg6 61. Rb6+ Kh7 62. g4 Ra5 63. Rf6 Kg7 64. Rc6 Rb5 65. Re6 Ra5 66. Kg3 Ra4 67. Kf3 Kf7 68. Re4 Rxe4 69. Kxe4 Kf6 70. Kf4 Kg6 71. g5 Kg7 72. Kf5 Kf7 73. g6+ Kg7 74. Kg5 Kg8 75. Kg4 Kg7 76. Kf5 Kg8 77. Kg5 Kg7 78. Kh5 Kg8 79. Kh6 Kh8 80. g7+ Kg8 81. Kg6 1/2-1/2

[Event "CZE-chT 2223"]
[Site "Czech Republic"]
[Date "2022.10.16"]
[Round "2.1"]
[White "Jurcik, Marian"]
[Black "Berezjuk, Sergej"]
[Result "1/2-1/2"]
[WhiteElo "2400"]
[BlackElo "2382"]
[PlyCount "32"]
[EventDate "2022.10.15"]
[EventType "team-tourn"]
[EventRounds "11"]
[EventCountry "CZE"]
[SourceTitle "CBM 210 Extra"]
[Source "ChessBase"]
[SourceDate "2022.11.30"]
[SourceVersion "1"]
[SourceVersionDate "2022.11.30"]
[SourceQuality "1"]
[WhiteTeam "Unichess"]
[BlackTeam "Hostalkova"]
[WhiteTeamCountry "CZE"]
[BlackTeamCountry "CZE"]

1. e4 e5 2. Nf3 Nf6 3. Nxe5 d6 4. Nf3 Nxe4 5. Bd3 Nf6 6. 0-0 Be7 7. h3 0-0 8. c3 b6 9. Bc2 Bb7 10. d4 Nbd7 11. Re1 Re8 12. Bg5 Nf8 13. Nbd2 Qd7 14. Nh4 g6 15. Nhf3 Ne6 16. Bh6 Bf8 1/2-1/2

[Event "Kezmarok op"]
[Site "Kezmarok"]
[Date "2022.09.29"]
[Round "7"]
[White "Mirowska, Oliwia"]
[Black "Berezjuk, Sergej"]
[Result "0-1"]
[WhiteElo "1856"]
[BlackElo "2382"]
[PlyCount "98"]
[EventDate "2022.09.24"]
[EventType "swiss"]
[EventRounds "9"]
[EventCountry "SVK"]
[SourceTitle "CBM 210 Extra"]
[Source "ChessBase"]
[SourceDate "2022.11.30"]
[SourceVersion "1"]
[SourceVersionDate "2022.11.30"]
[SourceQuality "1"]

1. d3 e5 2. g3 d5 3. Bg2 Nf6 4. Nf3 Nc6 5. 0-0 Be6 6. a3 Bd6 7. Nc3 d4 8. Ne4 Nxe4 9. dxe4 f6 10. e3 dxe3 11. Bxe3 0-0 12. Qe2 Na5 13. b3 Qe7 14. a4 c5 15. Rab1 Nc6 16. c3 Rfd8 17. Nd2 Bc7 18. f4 Qd7 19. f5 Bf7 20. Rfc1 Na5 21. Bf1 Bb6 22. Rd1 Qc7 23. Qf2 Nxb3 24. Nc4 Na5 25. Rxd8+ Rxd8 26. Nxa5 Bxa5 27. Bxc5 Qc6 28. Qe3 b6 29. Bb4 Qxa4 30. Qe2 Bxb4 31. cxb4 h6 32. Qe1 Kh7 33. Qc3 Rd1 34. Rxd1 Qxd1 35. Kf2 Qd7 36. b5 Qd6 37. Ke1 g6 38. g4 Kg7 39. h4 g5 40. h5 Qc5 41. Qxc5 bxc5 42. Kd2 Kf8 43. Kc3 Ke7 44. Bc4 Be8 45. Kb3 Kd6 46. Ka4 a6 47. Ka5 axb5 48. Bxb5 Bc6 49. Bxc6 Kxc6 0-1

[Event "Kezmarok op"]
[Site "Kezmarok"]
[Date "2022.09.28"]
[Round "6"]
[White "Berezjuk, Sergej"]
[Black "Jablonicky, Martin"]
[Result "1/2-1/2"]
[WhiteElo "2382"]
[BlackElo "2344"]
[PlyCount "124"]
[EventDate "2022.09.24"]
[EventType "swiss"]
[EventRounds "9"]
[EventCountry "SVK"]
[SourceTitle "CBM 210 Extra"]
[Source "ChessBase"]
[SourceDate "2022.11.30"]
[SourceVersion "1"]
[SourceVersionDate "2022.11.30"]
[SourceQuality "1"]

1. e4 c5 2. Nf3 d6 3. Bb5+ Bd7 4. Bxd7+ Qxd7 5. c4 Nf6 6. Nc3 Nc6 7. 0-0 g6 8. d4 cxd4 9. Nxd4 Bg7 10. Nde2 0-0 11. f3 a6 12. a4 Rac8 13. Bg5 Qd8 14. Kh1 e6 15. Rb1 Qc7 16. Qd2 Rfd8 17. Rfd1 Rd7 18. Qf4 Ne8 19. Qd2 Nb4 20. Rbc1 Qb8 21. b3 b6 22. Bh4 Qb7 23. Qe3 Nc7 24. Bf2 Rb8 25. Bg3 Rbd8 26. Nd4 Nc6 27. Nde2 b5 28. axb5 axb5 29. cxb5 Nxb5 30. Na4 Ne5 31. Bf2 Rc7 32. Qd2 Rdc8 33. Rxc7 Rxc7 34. Bb6 Rc8 35. Qa5 Qc6 36. h3 Ra8 37. Qd2 Rc8 38. Be3 Bf8 39. Nb6 Rc7 40. Rc1 Qb7 41. Rd1 Qa6 42. Rc1 Rxc1+ 43. Qxc1 Qa2 44. Qd1 Nc6 45. Qd3 Qa5 46. Bf2 Qb4 47. Nc4 Nc7 48. Bg3 Nb5 49. Ne3 Qc5 50. Ng4 Bg7 51. Qc4 h5 52. Nf2 Bf8 53. Qd3 Nbd4 54. Nxd4 Nxd4 55. Qc4 Qb6 56. b4 d5 57. exd5 exd5 58. Qxd5 Ne2 59. Qe5 Nxg3+ 60. Qxg3 Qxb4 61. Ne4 Qd4 62. Qf2 Qxf2 1/2-1/2

[Event "Kezmarok op"]
[Site "Kezmarok"]
[Date "2022.09.25"]
[Round "2"]
[White "Berezjuk, Sergej"]
[Black "Fizer, Marek"]
[Result "1-0"]
[WhiteElo "2382"]
[BlackElo "1963"]
[PlyCount "77"]
[EventDate "2022.09.24"]
[EventType "swiss"]
[EventRounds "9"]
[EventCountry "SVK"]
[SourceTitle "CBM 210 Extra"]
[Source "ChessBase"]
[SourceDate "2022.11.30"]
[SourceVersion "1"]
[SourceVersionDate "2022.11.30"]
[SourceQuality "1"]

1. e4 c5 2. Nf3 Nc6 3. Bb5 g6 4. 0-0 Bg7 5. Re1 Nf6 6. e5 Nd5 7. Nc3 Nc7 8. Bxc6 bxc6 9. Ne4 Ne6 10. d3 0-0 11. Be3 d6 12. Qc1 Rb8 13. Bh6 d5 14. Bxg7 Kxg7 15. Ng3 Qb6 16. b3 h6 17. h3 Ba6 18. c4 Nd4 19. Nxd4 cxd4 20. e6 dxc4 21. bxc4 c5 22. Qf4 Qd6 23. Qe5+ f6 24. Qxd6 exd6 25. Ne4 Rfe8 26. Nxd6 Re7 27. Rab1 Rxb1 28. Rxb1 Rxe6 29. Ne4 Rc6 30. Rb3 f5 31. Nd2 Kf6 32. Ra3 Ke6 33. Nb3 Kd6 34. Ra5 g5 35. f3 f4 36. Nxc5 Rxc5 37. Rxa6+ Kc7 38. Rxa7+ Kb6 39. Rd7 1-0

[Event "SVK-chT 2122"]
[Site "Slovakia"]
[Date "2022.05.07"]
[Round "7.2"]
[White "Berezjuk, Sergej"]
[Black "Straubinger, Daniel"]
[Result "1/2-1/2"]
[WhiteElo "2397"]
[BlackElo "2325"]
[PlyCount "70"]
[EventDate "2021.10.23"]
[EventType "team-tourn"]
[EventRounds "11"]
[EventCountry "SVK"]
[SourceTitle "EXT 2023"]
[Source "ChessBase"]
[SourceDate "2022.10.05"]
[SourceVersion "1"]
[SourceVersionDate "2022.10.05"]
[SourceQuality "1"]
[WhiteTeam "Osuske"]
[BlackTeam "Cebovce"]
[WhiteTeamCountry "SVK"]
[BlackTeamCountry "SVK"]

1. e4 e5 2. Nf3 Nc6 3. Nc3 Nf6 4. d4 exd4 5. Nxd4 Bb4 6. Nxc6 bxc6 7. Bd3 d5 8. exd5 cxd5 9. 0-0 0-0 10. h3 c6 11. Qf3 Bd6 12. Bf4 Rb8 13. b3 Qc7 14. Bxd6 Qxd6 15. Rfe1 Bd7 16. Ne2 a5 17. c3 Rfe8 18. Qf4 Re5 19. Qd2 c5 20. Bc2 Rbe8 21. Ng3 Qc7 22. Rad1 g6 23. Nf1 Kg7 24. Re3 Bc6 25. Rde1 Rxe3 26. Nxe3 h6 27. Nd1 Rd8 28. Nb2 Bb7 29. Bb1 Qc6 30. f3 Qc7 31. Qf2 Ba6 32. Na4 Rc8 33. Nb2 Rd8 34. Na4 Rc8 35. Nb2 Rd8 1/2-1/2

[Event "SVK-chT 2122"]
[Site "Slovakia"]
[Date "2022.03.12"]
[Round "5.3"]
[White "Roubalik, Jakub"]
[Black "Berezjuk, Sergej"]
[Result "1/2-1/2"]
[WhiteElo "2391"]
[BlackElo "2397"]
[PlyCount "97"]
[EventDate "2021.10.23"]
[EventType "team-tourn"]
[EventRounds "11"]
[EventCountry "SVK"]
[SourceTitle "EXT 2023"]
[Source "ChessBase"]
[SourceDate "2022.10.05"]
[SourceVersion "1"]
[SourceVersionDate "2022.10.05"]
[SourceQuality "1"]
[WhiteTeam "Dubnica nad Vahom"]
[BlackTeam "Osuske"]
[WhiteTeamCountry "SVK"]
[BlackTeamCountry "SVK"]

1. d4 d5 2. c4 e6 3. Nc3 Nf6 4. Nf3 a6 5. cxd5 exd5 6. Bg5 c6 7. Qc2 Be6 8. e3 h6 9. Bf4 Nh5 10. Be5 Nd7 11. Bd3 Nxe5 12. Nxe5 Nf6 13. 0-0 Be7 14. f4 0-0 15. Rad1 Rc8 16. Qe2 c5 17. Kh1 b5 18. dxc5 Rxc5 19. Bb1 Qc7 20. e4 d4 21. Nd5 Bxd5 22. exd5 Rxd5 23. Qd3 h5 24. a3 Bd6 25. Rc1 Qe7 26. Rc6 Rd8 27. Rxa6 Rxe5 28. fxe5 Qxe5 29. g3 h4 30. Ba2 hxg3 31. Qg6 Rd7 32. Ra8+ Bf8 33. Qxg3 Qe4+ 34. Qg2 d3 35. Bb3 d2 36. Qxe4 Nxe4 37. Kg2 g6 38. Bc2 Nd6 39. b3 Rc7 40. Bxg6 Rc1 41. Bh5 Kg7 42. a4 bxa4 43. Rxa4 Kh6 44. Be2 Re1 45. Kf2 Nf5 46. Rc4 Rxf1+ 47. Kxf1 Ne3+ 48. Kf2 Nxc4 49. bxc4 1/2-1/2

[Event "CZE-chT2F 2122"]
[Site "Czech Republic"]
[Date "2022.02.13"]
[Round "8.1"]
[White "Berezjuk, Sergej"]
[Black "Gnida, Patrik"]
[Result "1-0"]
[WhiteElo "2402"]
[BlackElo "2198"]
[PlyCount "52"]
[EventDate "2021.10.17"]
[EventType "team-tourn"]
[EventRounds "11"]
[EventCountry "CZE"]
[SourceTitle "EXT 2024"]
[Source "ChessBase"]
[SourceDate "2023.10.10"]
[SourceVersion "1"]
[SourceVersionDate "2023.10.10"]
[SourceQuality "1"]
[WhiteTeam "Dobra Sokol"]
[BlackTeam "Litovel Tatran"]
[WhiteTeamCountry "CZE"]
[BlackTeamCountry "CZE"]

1. e4 e5 2. Bc4 Nf6 3. d3 c6 4. Nf3 d5 5. Bb3 Bd6 6. Nc3 0-0 7. 0-0 dxe4 8. Nxe4 Nxe4 9. dxe4 Bg4 10. h3 Bh5 11. c3 Na6 12. Bc2 Nc5 13. g4 Bg6 14. Nd2 Bc7 15. Qf3 Qh4 16. Re1 Ne6 17. Nf1 Nf4 18. Bxf4 exf4 19. Rad1 Rae8 20. Rd7 Bb6 21. Re2 h5 22. Kg2 hxg4 23. hxg4 Re5 24. Qxf4 Rh5 25. Nh2 Re8 26. Qg3 Qxg3+ 1-0

[Event "CZE-chT1E 2122"]
[Site "Czech Republic"]
[Date "2022.01.22"]
[Round "6.3"]
[White "Berezjuk, Sergej"]
[Black "Vymazal, Bronislav"]
[Result "1-0"]
[WhiteElo "2397"]
[BlackElo "2375"]
[PlyCount "69"]
[EventDate "2021.10.09"]
[EventType "team-tourn"]
[EventRounds "11"]
[EventCountry "CZE"]
[SourceTitle "EXT 2023"]
[Source "ChessBase"]
[SourceDate "2022.10.05"]
[SourceVersion "1"]
[SourceVersionDate "2022.10.05"]
[SourceQuality "1"]
[WhiteTeam "Hostalkova"]
[BlackTeam "Brno Moravska Slavia II"]
[WhiteTeamCountry "CZE"]
[BlackTeamCountry "CZE"]

1. d4 f5 2. c4 Nf6 3. Nc3 d6 4. Bg5 Nbd7 5. Qc2 g6 6. 0-0-0 Bg7 7. Nf3 0-0 8. e4 fxe4 9. Nxe4 Nxe4 10. Qxe4 Nf6 11. Qc2 Bf5 12. Bd3 Qd7 13. Rhe1 Rae8 14. h3 Kh8 15. Re2 c6 16. Rde1 e6 17. Bd2 b5 18. b3 bxc4 19. bxc4 Ng8 20. Bxf5 Rxf5 21. Bc3 Qc8 22. Qa4 c5 23. Rc2 Rxf3 24. gxf3 cxd4 25. Bb2 Rf8 26. Qxa7 e5 27. c5 d3 28. Rc3 Rxf3 29. cxd6 Qf5 30. Rd1 Bh6+ 31. Kb1 d2+ 32. Ka1 Rxf2 33. Rc7 g5 34. Rxh7+ Qxh7 35. Qxf2 1-0

[Event "CZE-chT2F 2122"]
[Site "Czech Republic"]
[Date "2021.11.07"]
[Round "2.1"]
[White "Rakus, Pavel"]
[Black "Berezjuk, Sergej"]
[Result "1/2-1/2"]
[WhiteElo "2150"]
[BlackElo "2403"]
[PlyCount "35"]
[EventDate "2021.10.17"]
[EventType "team-tourn"]
[EventRounds "11"]
[EventCountry "CZE"]
[SourceTitle "EXT 2024"]
[Source "ChessBase"]
[SourceDate "2023.10.10"]
[SourceVersion "1"]
[SourceVersionDate "2023.10.10"]
[SourceQuality "1"]
[WhiteTeam "Dolni Benesov"]
[BlackTeam "Dobra Sokol"]
[WhiteTeamCountry "CZE"]
[BlackTeamCountry "CZE"]

1. Nf3 f5 2. d4 Nf6 3. c4 g6 4. Nc3 Bg7 5. g3 0-0 6. Bg2 d6 7. 0-0 Nc6 8. Qc2 e5 9. dxe5 dxe5 10. Rd1 Bd7 11. e4 Qc8 12. Bg5 Nxe4 13. Nxe4 fxe4 14. Qxe4 Bf5 15. Qd5+ Be6 16. Qe4 Bf5 17. Qd5+ Be6 18. Qe4 1/2-1/2

[Event "Tatranska Lomnica Tatry op"]
[Site "Tatranska Lomnica"]
[Date "2021.10.04"]
[Round "4"]
[White "Berezjuk, Sergej"]
[Black "Lanc, Alois"]
[Result "1/2-1/2"]
[WhiteElo "2397"]
[BlackElo "2306"]
[PlyCount "22"]
[EventDate "2021.10.02"]
[EventType "swiss"]
[EventRounds "9"]
[EventCountry "SVK"]
[SourceTitle "EXT 2023"]
[Source "ChessBase"]
[SourceDate "2022.10.05"]
[SourceVersion "1"]
[SourceVersionDate "2022.10.05"]
[SourceQuality "1"]

1. e4 e5 2. Nf3 Nc6 3. Bc4 Bc5 4. c3 Nf6 5. d3 d6 6. Nbd2 0-0 7. Nf1 Ng4 8. Ne3 Bxe3 9. Bxe3 Nxe3 10. fxe3 Na5 11. Bb5 Bd7 1/2-1/2

[Event "Tatranska Lomnica Tatry op"]
[Site "Tatranska Lomnica"]
[Date "2021.10.03"]
[Round "2"]
[White "Berezjuk, Sergej"]
[Black "Kopriva, Martin"]
[Result "1-0"]
[WhiteElo "2397"]
[BlackElo "2119"]
[PlyCount "49"]
[EventDate "2021.10.02"]
[EventType "swiss"]
[EventRounds "9"]
[EventCountry "SVK"]
[SourceTitle "EXT 2023"]
[Source "ChessBase"]
[SourceDate "2022.10.05"]
[SourceVersion "1"]
[SourceVersionDate "2022.10.05"]
[SourceQuality "1"]

1. e4 c5 2. Nc3 Nc6 3. Bb5 d6 4. f4 Bd7 5. Nf3 e6 6. 0-0 Be7 7. d3 a6 8. Bxc6 Bxc6 9. Qe1 Qc7 10. Qg3 0-0-0 11. Qxg7 Bf6 12. Qg3 Ne7 13. Ng5 Rdg8 14. Qh3 Bd4+ 15. Kh1 Ng6 16. f5 exf5 17. Rxf5 Bxc3 18. Rxc5+ Kb8 19. Rxc3 Qb6 20. Qe3 Qb5 21. Qd4 Nh4 22. a4 Qa5 23. Qxd6+ Ka8 24. b4 Qb6 25. Qc5 1-0

[Event "Ostrava Konik op-A"]
[Site "Ostrava"]
[Date "2021.08.11"]
[Round "5"]
[White "Berezjuk, Sergej"]
[Black "Michenka, Jozef"]
[Result "1/2-1/2"]
[WhiteElo "2409"]
[BlackElo "2300"]
[PlyCount "75"]
[EventDate "2021.08.07"]
[EventType "swiss"]
[EventRounds "9"]
[EventCountry "CZE"]
[SourceTitle "EXT 2022"]
[Source "ChessBase"]
[SourceDate "2021.10.06"]
[SourceVersion "1"]
[SourceVersionDate "2021.10.06"]
[SourceQuality "1"]

1. e4 c5 2. Nc3 Nc6 3. Bb5 Nd4 4. Nf3 Nxb5 5. Nxb5 d6 6. c4 e5 7. d3 Be7 8. a3 Nf6 9. Nd2 0-0 10. Nf1 Ne8 11. Ne3 Bg5 12. 0-0 a6 13. Nc3 Nc7 14. b4 b6 15. Rb1 Be6 16. Bd2 Rb8 17. Qc2 Qd7 18. bxc5 bxc5 19. Rb2 Rxb2 20. Qxb2 Bxe3 21. Bxe3 f5 22. f4 fxe4 23. Nxe4 exf4 24. Bxf4 Ne8 25. Qb8 Bf5 26. Bxd6 Nxd6 27. Qxd6 Qxd6 28. Nxd6 Bxd3 29. Rd1 Be2 30. Re1 Bd3 31. h3 Rd8 32. Re6 h6 33. Kf2 Rb8 34. Re5 Rd8 35. Re6 Rb8 36. Re5 Rd8 37. Re6 Rb8 38. Re5 1/2-1/2

[Event "Pula op 33rd"]
[Site "Pula"]
[Date "2019.06.29"]
[Round "9"]
[White "Petran, Peter"]
[Black "Berezjuk, Sergej"]
[Result "1/2-1/2"]
[WhiteElo "2246"]
[BlackElo "2411"]
[PlyCount "120"]
[EventDate "2019.06.22"]
[EventType "swiss"]
[EventRounds "9"]
[EventCountry "CRO"]
[SourceTitle "CBM 191 Extra"]
[Source "ChessBase"]
[SourceDate "2019.09.30"]
[SourceVersion "1"]
[SourceVersionDate "2019.09.30"]
[SourceQuality "1"]

1. Nf3 c5 2. g3 Nc6 3. Bg2 e5 4. e4 g6 5. Nc3 Bg7 6. d3 Nge7 7. 0-0 d6 8. Nd2 0-0 9. Nc4 Be6 10. Nd5 h6 11. a4 Rb8 12. c3 f5 13. f4 Qd7 14. Be3 b6 15. Qd2 Kh7 16. Rf2 Rbd8 17. Qc2 Bg8 18. Nxe7 Nxe7 19. b3 exf4 20. Bxf4 fxe4 21. dxe4 Bxc4 22. bxc4 Qe6 23. Qd3 g5 24. e5+ Ng6 25. Bd5 dxe5 26. Be3 e4 27. Qc2 Rxf2 28. Bxf2 Qf6 29. Bxe4 Rd6 30. Rd1 Rxd1+ 31. Qxd1 Kh8 32. a5 Nf8 33. axb6 axb6 34. Be1 Qe7 35. Qd5 Nd7 36. Bd2 Nf6 37. Qa8+ Bf8 38. Bf3 Kg7 39. Qb7 Qxb7 40. Bxb7 Bd6 41. Kg2 Kg6 42. h3 Nh5 43. Be1 Kf6 44. Kf3 Ke5 45. Bd2 Be7 46. g4 Nf4 47. h4 Ng6 48. h5 Nf4 49. Bxf4+ gxf4 50. Be4 Bh4 51. Bb7 Be1 52. Ba6 Bxc3 53. Bb5 Be1 54. Ba6 Bh4 55. Bb5 Bg5 56. Ba6 Kd4 57. Bb5 Kc3 58. Ba6 Kb4 59. Bb5 Ka5 60. Ke4 Kb4 1/2-1/2

[Event "Pula op 33rd"]
[Site "Pula"]
[Date "2019.06.26"]
[Round "6"]
[White "Berezjuk, Sergej"]
[Black "Doncevic, Dario"]
[Result "1-0"]
[WhiteElo "2411"]
[BlackElo "2230"]
[PlyCount "133"]
[EventDate "2019.06.22"]
[EventType "swiss"]
[EventRounds "9"]
[EventCountry "CRO"]
[SourceTitle "CBM 191 Extra"]
[Source "ChessBase"]
[SourceDate "2019.09.30"]
[SourceVersion "1"]
[SourceVersionDate "2019.09.30"]
[SourceQuality "1"]

1. Nf3 g6 2. e4 Bg7 3. d4 d6 4. Bc4 Nf6 5. Qe2 0-0 6. e5 dxe5 7. dxe5 Nd5 8. h3 Be6 9. 0-0 Nc6 10. Na3 Qc8 11. Bb5 Rd8 12. Re1 Nb6 13. Bg5 h6 14. Bh4 Nd4 15. Nxd4 Rxd4 16. Bxe7 Nd5 17. Bc5 Rh4 18. Qf3 Rh5 19. Bf1 Rf5 20. Qd1 Rg5 21. h4 Rxe5 22. Rxe5 Bxe5 23. Bd4 Bxd4 24. Qxd4 c5 25. Qd2 Qd8 26. Qxh6 Qf6 27. c3 Ne7 28. Bc4 Rd8 29. Re1 Nf5 30. Qg5 Qxg5 31. hxg5 Rd2 32. Bxe6 fxe6 33. Nc4 Rc2 34. Rxe6 b5 35. Rxg6+ Kh7 36. Rf6 Ng7 37. Ne3 Rxb2 38. Ra6 Rb1+ 39. Kh2 Rc1 40. Rxa7 Kg6 41. Ra5 Rxc3 42. Rxb5 Kxg5 43. f4+ Kh5 44. Nd5 Rc2 45. Nf6+ Kg6 46. Ne4 c4 47. Rg5+ Kf7 48. Nd6+ Ke7 49. Nxc4 Ne6 50. Re5 Rxc4 51. f5 Kf6 52. Rxe6+ Kxf5 53. Ra6 Kg4 54. a4 Rc2 55. a5 Kg5 56. Ra8 Ra2 57. a6 Kg6 58. Kg3 Ra4 59. Kf3 Kg7 60. Ke3 Ra2 61. Ra7+ Kg6 62. Kd4 Rxg2 63. Rc7 Ra2 64. Rc6+ Kf7 65. Kc5 Ke7 66. Kb6 Kd7 67. Kb7 1-0

[Event "Pula op 33rd"]
[Site "Pula"]
[Date "2019.06.23"]
[Round "2"]
[White "Berezjuk, Sergej"]
[Black "Klaric, Zoran"]
[Result "0-1"]
[WhiteElo "2411"]
[BlackElo "2086"]
[PlyCount "118"]
[EventDate "2019.06.22"]
[EventType "swiss"]
[EventRounds "9"]
[EventCountry "CRO"]
[SourceTitle "CBM 191 Extra"]
[Source "ChessBase"]
[SourceDate "2019.09.30"]
[SourceVersion "1"]
[SourceVersionDate "2019.09.30"]
[SourceQuality "1"]

1. Nf3 Nf6 2. c4 g6 3. b3 d6 4. d4 Bg7 5. Bb2 0-0 6. g3 Nbd7 7. Bg2 e5 8. dxe5 Ng4 9. 0-0 Ngxe5 10. Nc3 Nc6 11. Qc1 Re8 12. Re1 Nc5 13. Nd5 Ne5 14. Nxe5 dxe5 15. Rd1 c6 16. Nc3 Qc7 17. Ba3 Bf8 18. b4 Ne6 19. e3 f5 20. c5 Ng5 21. f4 Nf7 22. Bb2 exf4 23. exf4 Be6 24. Qc2 Bg7 25. Ne2 Bxb2 26. Qxb2 Rad8 27. h3 Rxd1+ 28. Rxd1 Bc4 29. Nd4 Qe7 30. Kh2 h5 31. Nf3 Bd5 32. Re1 Qd8 33. Rxe8+ Qxe8 34. Qd2 b6 35. cxb6 axb6 36. a4 Nd6 37. Ne5 Ne4 38. Bxe4 fxe4 39. a5 bxa5 40. bxa5 Kh7 41. g4 hxg4 42. hxg4 g5 43. Kg3 Kg8 44. Qc3 gxf4+ 45. Kxf4 Qf8+ 46. Kg3 Qf6 47. Qd4 Qd6 48. g5 c5 49. Qc3 Be6 50. Kf4 Qf8+ 51. Kxe4 Qf5+ 52. Ke3 Qxg5+ 53. Kf2 Qf4+ 54. Ke1 Qe4+ 55. Kd2 Qg2+ 56. Kc1 Qf1+ 57. Kb2 Qb5+ 58. Ka3 Qb1 59. Nd3 Qa2# 0-1